000 00689nam a2200229Ia 4500
005 20240215090559.0
008 131103s9999 xx 000 0 und d
040 _aLoreto College
041 _aEnglish
082 _a352.14
_bMUK
100 _aMukhopadhyay,Asok Kumar
245 4 _aThe pamchayat administration in West Bengal
_cAsok Kumar Mukhopadhyay
250 _a2nd enl.ed.
260 _aCalcutta
_bThe World Press Pvt.Ltd.
_c1980
300 _ax,215 p.
_b illus.,maps
504 _aIncludes bibliographical references and index
630 _aWest Bengal - Local Government
650 _aLocal Administration
651 _aLocal Government
850 _aLCLIB
942 _cBK
999 _c12444
_d62923